000 00484nam a2200181Ia 4500
005 20240529061856.0
008 240331s9999 xx 000 0 und d
020 _a8185397007
082 _bFEM
_a346.0134
100 _a
245 0 _aFeminism and law :
_bnational law school journal
260 _aIndia
_bNational Law school of India university
_c1993
300 _axiii, 214 p .,
650 _aWomen
650 _aHuman Rights
700 _aMenon, Madhava R.N.
_eedt
942 _cL
999 _c2811
_d2811